000 00658nam a22001937a 4500
005 20240904112909.0
010 _aENG-140572
020 _a9789390670048
_c450.00
035 _aEN-124104
037 _bDBAD
082 _a888.08
245 _aEarthlings :
_bDecolonial Visions of Environmentalism in Indigenous Literature
_cedited by Sumedha Bhandari
260 _aGurugram
_bEarth Vision Publications
_c2022
270 _aH-23/16, DLF Phase-1
_bGurugram
_e122002
300 _axiv, 196p.
_c21cm(hbk)
500 _aThis book is about a ecology and earth.
700 _aEdited by Sumedha Bhandari
_967317
942 _2ddc
_cEN
_h888.08
_mEAR
999 _c203502
_d203502